00726nam a2200205Ia 4500003000900000008004100009040001600050080001600066100002300082245009600105260006800201300001500269650004100284650002500325650002000350700002900370942000700399999001500406952009900421IN-BaIIA211028s9999 xx 000 0 eng d cIIA Library a524-48bTHE aWood, John A97189 4athe cosmic history of the biogenic elements and compoundscJohn A Wood and Sherwood  Chang aWashingtonbNational Aeronautics and Space Administrationc1985 aviii, 80p. aAstronomy and Astrophysics thesaurus aCosmochemistry91212 aNucleosynthesis aChang, Sherwood 914691 cBK c8744d8744 00104070aBANbBANcGENd1986-06-25l0o524-48/ THEp9620r2021-11-05w1986-06-25yBK 23.90